История экономических учений: учебное пособие
| Hovedforfatter: | |
|---|---|
| Institution som forfatter: | |
| Summary: | Заглавие с титульного экрана Электронная версия печатной публикации В пособии рассматриваются ключевые вопросы эволюции экономической мысли с древнейших времён до наших дней. Работа содержит современные научные сведения, отражающие многообразие концептуальных подходов к анализу рассмотренных проблем. Предназначено для студентов экономических специальностей высших учебных заведений. Режим доступа: из корпоративной сети ТПУ |
| Sprog: | russisk |
| Udgivet: |
Томск, Изд-во ТПУ, 2010
|
| Fag: | |
| Online adgang: | http://www.lib.tpu.ru/fulltext2/m/2011/m174.pdf |
| Format: | MixedMaterials Electronisk Bog |
| KOHA link: | https://koha.lib.tpu.ru/cgi-bin/koha/opac-detail.pl?biblionumber=195396 |
MARC
| LEADER | 00000nlm0a2200000 4500 | ||
|---|---|---|---|
| 001 | 195396 | ||
| 005 | 20240207143631.0 | ||
| 035 | |a (RuTPU)RU\TPU\book\213140 | ||
| 090 | |a 195396 | ||
| 100 | |a 20110508d2010 m y0rusy50 ca | ||
| 101 | 0 | |a rus | |
| 102 | |a RU | ||
| 105 | |a a j 001zy | ||
| 135 | |a drgn ---uucaa | ||
| 181 | 0 | |a i | |
| 182 | 0 | |a b | |
| 200 | 1 | |a История экономических учений |e учебное пособие |f И. С. Соловенко |g Национальный исследовательский Томский политехнический университет (ТПУ), Юргинский технологический институт (ЮТИ) | |
| 203 | |a Текст |c электронный | ||
| 210 | |a Томск |c Изд-во ТПУ |d 2010 | ||
| 300 | |a Заглавие с титульного экрана | ||
| 300 | |a Электронная версия печатной публикации | ||
| 330 | |a В пособии рассматриваются ключевые вопросы эволюции экономической мысли с древнейших времён до наших дней. Работа содержит современные научные сведения, отражающие многообразие концептуальных подходов к анализу рассмотренных проблем. Предназначено для студентов экономических специальностей высших учебных заведений. | ||
| 333 | |a Режим доступа: из корпоративной сети ТПУ | ||
| 337 | |a Adobe Reader | ||
| 452 | 1 | |0 (RuTPU)RU\TPU\book\201700 |t История экономических учений |o учебное пособие |f И. С. Соловенко |g Томский политехнический университет (ТПУ), Юргинский технологический институт (ЮТИ) |c Томск |n Изд-во ТПУ |d 2010 |p 144 с. |a Соловенко, Игорь Сергеевич | |
| 600 | 1 | |a Смит |g Адам |b А. |c шотландский экономист |c философ |f 1723-1790 |2 stltpush |3 (RuTPU)RU\TPU\pers\647 | |
| 600 | 1 | |a Кейнс |g Джон Мейнард |b Дж. М. |c английский экономист ипублицист |c основоположник кейнсианства |f 1883-1946 |2 stltpush |3 (RuTPU)RU\TPU\pers\134 | |
| 606 | 1 | |a Экономические учения |x История |2 stltpush |3 (RuTPU)RU\TPU\subj\26611 |9 50501 | |
| 610 | 1 | |a электронный ресурс | |
| 610 | 1 | |a учебные пособия | |
| 610 | 1 | |a экономика | |
| 610 | 1 | |a экономические теории | |
| 610 | 1 | |a экономические школы | |
| 610 | 1 | |a экономическая мысль | |
| 610 | 1 | |a Древний мир | |
| 610 | 1 | |a Средневековье | |
| 610 | 1 | |a меркантилизм | |
| 610 | 1 | |a классическая политическая экономия | |
| 610 | 1 | |a физиократы | |
| 610 | 1 | |a 18 век | |
| 610 | 1 | |a 19 век | |
| 610 | 1 | |a 20 век | |
| 610 | 1 | |a Россия | |
| 610 | 1 | |a Западная Европа | |
| 610 | 1 | |a марксизм | |
| 610 | 1 | |a либерализм | |
| 610 | 1 | |a маржинальная система | |
| 610 | 1 | |a монополии | |
| 610 | 1 | |a конкуренция | |
| 610 | 1 | |a кейнсианство | |
| 610 | 1 | |a неолиберализм | |
| 610 | 1 | |a глобализация | |
| 610 | 1 | |a 21 век | |
| 686 | |a У02я73 |2 rubbk | ||
| 700 | 1 | |a Соловенко |b И. С. |c историк, экономист |c профессор Юргинского технологического института (филиала) Томского политехнического университета, доктор наук |f 1971- |g Игорь Сергеевич |3 (RuTPU)RU\TPU\pers\24526 |9 10836 | |
| 712 | 0 | 2 | |a Национальный исследовательский Томский политехнический университет (ТПУ) |b Юргинский технологический институт (ЮТИ) |c (2009- ) |3 (RuTPU)RU\TPU\col\15903 |
| 801 | 1 | |a RU |b 63413507 |c 20110508 | |
| 856 | 4 | |u http://www.lib.tpu.ru/fulltext2/m/2011/m174.pdf | |
| 942 | |c CF | ||